Hacia una poética radical. Ensayos de Hermenéutica Cultural

Guardat en:
Dades bibliogràfiques
Autor principal: Rowe, William (autor)
Format: Llibre
Idioma:anglès
Publicat: México, D.F., México, Fondo de Cultura Económica, 2014
Edició:Prinera edición (FCE)
Col·lecció:Sección de Obras de Lengua y Estudios Literarios
Matèries:
Etiquetes: Afegir etiqueta
Sense etiquetes, Sigues el primer a etiquetar aquest registre!

MARC

LEADER 00000nam a22000007a 4500
003 CL-VaPUC
005 20220704130330.0
008 220530b2014 ||||| |||| 00| 0 eng d
999 |c 435746  |d 435744 
020 |a 978-607-16-1874-0 
040 |c Pontificia Universidad Católica de Valparaíso 
082 7 |a 860.998 ROW 2014  |2 22 
100 |a Rowe, William  |9 302622  |e autor 
245 |a Hacia una poética radical.  |b Ensayos de Hermenéutica Cultural 
250 |a Prinera edición (FCE) 
260 |a México, D.F., México,  |b Fondo de Cultura Económica,  |c 2014 
300 |a 353 páginas 
490 |a Sección de Obras de Lengua y Estudios Literarios 
500 |a c.1 Donación. Memo 09/2022. 18/04/2022 
583 |c 20220530  |k Catalogador Asistente 
650 |a Literatura hispanoamericana   |y Siglo 20  |x Historia y crítica   |9 870150 
650 |a Literatura y sociedad   |z América latina   |9 870151 
942 |2 ddc  |c BK 
952 |0 0  |1 0  |2 ddc  |4 0  |6 860_998000000000000_ROW_2014  |7 0  |8 A  |9 583328  |a BIBEDU  |b BIBEDU  |c GEN  |d 2022-05-30  |e Donación  |i 5651466  |l 1  |o 860.998 ROW 2014  |p 5651466  |r 2022-07-26  |s 2022-07-26  |t 1  |w 2022-05-30  |y BK  |k LIT